000 00772nam a2200253Ia 4500
003 GCL
008 140319s9999 xx 000 0 eng d
020 _a0781759692
040 _aGCL /
_cGCL
082 0 4 _a610.73
_bC U
100 1 _aCARPENITO - MOYET, LYNDA JUALL
245 1 0 _aUNDERSTANDING THE NURSING PROCESS :
_bCONCEPT MAPPING AND CARE PLANNING FOR STUDENTS /
_cCARPENITO - MOYET, LYNDA JUALL
250 _aFIRST
260 _aنيويورك :
_bLIPPINCOTT WILLIAMS & WILKINS ،
_c2007
300 _a24 CM ؛
_c639 P
650 0 4 _aNURSING ASSESSMENT
650 0 4 _aNURSING DIAGNOSIS
650 0 4 _aNURSING CARE
650 0 4 _aNURSING THEORY
650 0 4 _aNURSING PROCESS
650 0 4 _aNURSING SERVICES
650 0 4 _aNURSING - EDUCATION
942 _2ddc
_cBK
999 _c9400
_d9400